Größte Auswanderungsländer weltweit - Statistiken

Allgemein
  • Dieses Quiz wurde 164 mal gespielt
  • Das Durchschnittsergebnis liegt bei 6 aus 10
Antwortstatistiken
Rang Auswanderer in Mio. Land % Korrekt
4 10,5 China
84%
3 10,8 Russland
81%
1 17,9 Indien
75%
5 8,5 Syrien
75%
2 11,2 Mexiko
71%
10 5,8 Afghanistan
69%
7 6,1 Ukraine
67%
7 6,3 Pakistan
58%
6 7,4 Bangladesch
32%
9 6,1 Philippinen
23%
Keine übereinstimmenden Quizze gefunden
Verteilung der Resultate
Anzahl Personen mit jedem Resultat
Perzentil nach korrekt beantworteten Fragen
Ihre Resultats-Entwicklung
Sie haben dieses Quiz noch nicht gespielt